Ile historycznych flag umiesz wymienić - Statystyki

Ogólne statystyki
  • Ten quiz został rozwiązany 91 razy
    36 od ostatniego zresetowania
  • Średni wynik to 10 z 12
Statystyki odpowiedzi
Obrazkowy Odpowiedź % Poprawnych
Anglia
97%
Meksyk
97%
Szkocja
97%
Niemcy
90%
Stany Zjednoczone
90%
Chiny
87%
Portugalia
87%
Francja
84%
Libia
74%
Afganistan
71%
Hiszpania
65%
Republika Południowej Afryki
61%
Nie znaleziono quizów pasujących do podanych kryteriów
Rozkład punktacji
Procent ludzi z każdym wynikiem
Percentyl według liczby udzielonych odpowiedzi
Twoja historia wyników
Nie rozwiązałeś tego quizu od ostatniego zresetowania